00952nem a22002417a 450000500170000000800410001704000250005804100080008304400070009109000140009811000900011224501080020225500140031026000990032430000310042365000240045465000280047865000230050665000280052994200120055799900170056995201240058620191224042246.0160428b1987 C ||||| |a|| 00| 0 spa d aCO-BoIAVHcCO-BoIAVH aspa ack aMC-b0041 aInstituto nacional de los recursos naturales renovables y del ambiente INDERA 9666351 aMapa del area de sustracción margen derecha rio Guayabero y zona de calamar ( Comisaria del guaviare) a1:200.000 aBogotábInstituto nacional de los recursos naturales renovables y del ambiente INDERA c1987 a1 mapabColor c92 x 69 cm16aHidrografía9536116aReserva forestal97025516aGeografía99225916aMapa político 966639 2zcMapa c18346d18346 00102z40708CARTOGRAFIaBogotabBogotad2016-04-28l0oMC-0041p039980r2016-04-28 00:00:00tEj. 1w2016-04-28yMapa